000 00913nam a22003137a 4500
001 BR2010005418
003 BR-BrBNA
005 20230928103428.0
007 ta
008 230509b bl.||||| |||| 00| 0 por d
040 _aBR-BrBNA
_bpor
_cBiblioteca Nacional de Agricultura
041 _a(Por)
072 _aF30
_b1890
090 _ 1890 BR2010005418
100 1 _aLasmar, A.
110 1 _aUniversidade Federal de Lavras, MG (Brasil)
_0Tese (Mestrado)
245 1 _aHerança de caracteres relacionados ao formato e cor de frutos em jiló
260 3 _aLavras, MG (Brasil):
_c2010.
300 _a40 p.
500 _aSummaries (Eng, Por); Several bibliography; 6 tables
650 _aJILÓ
650 _aFRUTO
650 _aCOR
650 _aHEREDITARIEDADE
650 _aMELHORAMENTO GENÉTICO VEGETAL
650 _aMODELO MATEMÁTICO
909 _a202309
_bLucia
_c55
_dLucia Elande
942 _cBK
999 _c75074
_d75074